000 00942nam a2200337Ia 4500
001 3892
005 20240113233659.0
007 ta
008 060306s2003 g b000 u eng u
020 _a0-07-463598-0
040 _aCotton College,Assam
041 _aeng
082 _a620.1054
_bBe 392 Ve
100 _aBeer , Ferdinand P. .
245 0 _aVector Mechanics For Engineers: Dynamics /
_cFerdinand P. Beer and E. Russell Johnston.
_hTextual Documents
250 _a3rd ed. /
260 _aNew Delhi :
_bTata Mcgraw-Hill Publishing Company Ltd ,
_c2003.
300 _axviii, 1044p. ;
_c25cm.
504 _aIndex
653 _aMathematics
653 _aDynamics
653 _aVector Mechanics
653 _aG-Mathematics
653 _aDeptt.-Mathematics
700 _aJohnston, E. Russell.
942 _2ddc
_cBK
999 _c3880
_d3880